000 01420nam a22003857a 4500
003 CHAP
005 20220329143412.0
008 090416s2009 mx r 00010 spa d
010 _a96065
011 _a97037
035 _a107696
040 _cCHAP
090 _aTesis
100 1 _aPérez Hernández, Flor.
_989732
245 1 0 _aCausas y consecuencias de la inmigración en el municipio de Chimalhuacan, Estado de México
_c/por Flor Pérez Hernández
260 _aChapingo, Méx. :
_bEl autor,
_c2008
300 _aiii, 96 h. :
_bilus., cuadros, gráfs. , ilus.
502 _aTesis (Lic. en Economía Agrícola) -- UACH. División de Ciencias Económico Administrativas
590 _aALEPH
_b10
_c20130110
_lUCH01
_h1529
590 _aBATCH-UPD
_b10
_c20130110
_lUCH01
_h0645
590 _aBATCH-UPD
_b10
_c20130410
_lUCH01
_h0329
590 _aBATCH-UPD
_b10
_c20130914
_lUCH01
_h1636
590 _aCONVERSION
_b10
_c20130109
_lUCH01
_h1353
650 1 4 _aIndustrialización.
_957923
650 1 4 _aInmigrantes.
_958813
650 1 4 _aMano de obra.
_970527
650 1 4 _aMarginalidad social.
_971348
650 1 4 _aMéxico
_xMunicipios.
_976781
650 1 4 _aMigración urbana.
_975610
650 1 4 _aPobreza.
_989463
901 _aBK
942 _cFOLL
949 _aTesis
_bBC
_cTES
_d33724002088926
_eTS1
_gDonaciØn
_h49229
_i107696
_sb
949 _aTesis
_bBC
_cTES
_d33724002088967
_eTS2
_fc.2
_gDonaciØn
_h49230
_i107696
_si
999 _c96065
_d96065